000 01237nam a2200337 a 4500
001 000110405
003 CHAP
005 20220329144131.0
008 140826s2014 mx sm |||||||spa d
010 _a106867
011 _a107839
040 _cCHAP
090 _aTesis
100 1 _aLópez Velasco, Angel Adin
_9127908
245 1 0 _aRevisión hidroagrícola de la presa Juan Sabines Gutiérrez (el Portillo II), Estado de Chiapas
_h[En línea]
_cpor Angel Adin López Velasco.
260 _aChapingo, Méx. :
_bEl autor,
_c2014.
500 _aPara ver el contenido del material haga clic en la liga
502 _aTesis (Ing. Agr. Esp. en Irrigación) -- UACH. Departamento de Irrigación
590 _aBATCH-UPD
_b10
_c20141002
_lUCH01
_h0905
590 _aE11695DGD
_b10
_c20140827
_lUCH01
_h0809
590 _aE5765TAJ
_b05
_c20140826
_lUCH01
_h0955
590 _aE5765TAJ
_b05
_c20140826
_lUCH01
_h0955
650 1 4 _aAgua de lluvia
_xAlmacenamiento.
_92413
650 1 4 _aAgua para irrigación
_92430
650 1 4 _aAgua
_xAprovechamiento.
_92282
650 1 4 _aCuenca hidrológica
_xChiapas.
_930069
856 _aFinding aid
_uhttp://10.13.5.2/tesis/sist110405.pdf
_zTeclea aquí
901 _aBK
942 _cTESIS
942 _n0
999 _c106867
_d106867